000 00546nam a2200229Ia 4500
003 OSt
005 20221007101914.0
006 a|||||r|||| 00| 0
007 ta
008 221006b |||||||| |||| 00| 0 eng d
024 _a8,764
037 _cBound Volume
040 _aLCO
_cLCO
_beng
041 _2eng
_aeng
082 _aZm2,N91, N1
245 0 _aREPORTS OF COMPANY CASES, 1991
260 _c1991
490 _v70
650 _aCOMPANY CASES
_9703233
942 _hZm2,N91, N1
_cCR
999 _c1178327
_d1178327